00522nam a22002057a 450000500170000001000110001702000100002803500110003803700160004904000120006508200160007710000200009324500490011326000440016227000140020630000270022065000340024765000180028170000170029920170124110235.0 a414790 c00.00 a414790 bCen Lib/Ret aDPLbEN a301.42bMEA aMead, Margaret  aFamily /cby Margaret Mead [and] Ken Heyman  aNew York bThe Macmillan Company c1965 bNew York  a208p.:c26cm(Hb)bill. aSocial science xSociety care aParental care aHeyman, Ken